000 00323nam a2200145 i 4500
001 bg
100 1 _aGUBAREV, V.
245 0 _aKosmiceskij perekrestok /
_cV. Tubarev.
260 _aMoskva,
_c1971.
040 _cBPK
041 _apol
080 _a629.78:523
942 _cKS
008 s pl f |000 0 pol
999 _c14148
_d14148
856 _uhttp://koha.tu.koszalin.pl/cgi-bin/koha/opac-detail.pl?biblionumber=14148
_yKatalog online BPK